<?xml version="1.0" encoding="UTF-8"?><?xml-stylesheet type="text/xsl" href="static/style.xsl"?><OAI-PMH xmlns="http://www.openarchives.org/OAI/2.0/" xmlns:xsi="http://www.w3.org/2001/XMLSchema-instance" xsi:schemaLocation="http://www.openarchives.org/OAI/2.0/ http://www.openarchives.org/OAI/2.0/OAI-PMH.xsd"><responseDate>2026-06-06T08:22:03Z</responseDate><request verb="GetRecord" identifier="oai:docta.ucm.es:20.500.14352/12110" metadataPrefix="marc">https://docta.ucm.es/rest/oai/request</request><GetRecord><record><header><identifier>oai:docta.ucm.es:20.500.14352/12110</identifier><datestamp>2024-11-07T18:51:10Z</datestamp><setSpec>com_20.500.14352_14</setSpec><setSpec>col_20.500.14352_15</setSpec></header><metadata><record xmlns="http://www.loc.gov/MARC21/slim" xmlns:dcterms="http://purl.org/dc/terms/" xmlns:xsi="http://www.w3.org/2001/XMLSchema-instance" xmlns:doc="http://www.lyncode.com/xoai" xsi:schemaLocation="http://www.loc.gov/MARC21/slim http://www.loc.gov/standards/marcxml/schema/MARC21slim.xsd">
   <leader>00925njm 22002777a 4500</leader>
   <datafield ind2=" " ind1=" " tag="042">
      <subfield code="a">dc</subfield>
   </datafield>
   <datafield ind2=" " ind1=" " tag="720">
      <subfield code="a">Gil Serna, Jessica</subfield>
      <subfield code="e">author</subfield>
   </datafield>
   <datafield ind2=" " ind1=" " tag="720">
      <subfield code="a">García-Díaz, Marta</subfield>
      <subfield code="e">author</subfield>
   </datafield>
   <datafield ind2=" " ind1=" " tag="720">
      <subfield code="a">González Jaén, María Teresa</subfield>
      <subfield code="e">author</subfield>
   </datafield>
   <datafield ind2=" " ind1=" " tag="720">
      <subfield code="a">Vázquez Estévez, María Covadonga Inmaculada</subfield>
      <subfield code="e">author</subfield>
   </datafield>
   <datafield ind2=" " ind1=" " tag="720">
      <subfield code="a">Patiño Álvarez, Aurora Belén</subfield>
      <subfield code="e">author</subfield>
   </datafield>
   <datafield ind2=" " ind1=" " tag="260">
      <subfield code="c">2018-03-02</subfield>
   </datafield>
   <datafield ind2=" " ind1=" " tag="520">
      <subfield code="a">Ochratoxin A (OTA) is one of the most important mycotoxins due to its toxic properties and worldwide distribution which is produced by several Aspergillus and Penicillium species. The knowledge of OTA biosynthetic genes and understanding of the mechanisms involved in their regulation are essential. In this work, we obtained a clear picture of biosynthetic genes organization in the main OTA-producing Aspergillus and Penicillium species (A. steynii, A. westerdijkiae, A. niger, A. carbonarius and P. nordicum) using complete genome sequences obtained in this work or previously available on databases. The results revealed a region containing five ORFs which predicted five proteins: halogenase, bZIP transcription factor, cytochrome P450 monooxygenase, non-ribosomal peptide synthetase and polyketide synthase in all the five species. Genetic synteny was conserved in both Penicillium and Aspergillus species although genomic location seemed to be different since the clusters presented different flanking regions (except for A. steynii and A. westerdijkiae); these observations support the hypothesis of the orthology of this genomic region and that it might have been acquired by horizontal transfer. New real-time RT-PCR assays for quantification of the expression of these OTA biosynthetic genes were developed. In all species, the five genes were consistently expressed in OTA-producing strains in permissive conditions. These protocols might favour futures studies on the regulation of biosynthetic genes in order to develop new efficient control methods to avoid OTA entering the food chain.</subfield>
   </datafield>
   <datafield ind1="8" ind2=" " tag="024">
      <subfield code="a">0168-1605, ESSN: 1879-3460</subfield>
   </datafield>
   <datafield ind1="8" ind2=" " tag="024">
      <subfield code="a">10.1016/j.ijfoodmicro.2017.12.028</subfield>
   </datafield>
   <datafield ind1="8" ind2=" " tag="024">
      <subfield code="a">https://hdl.handle.net/20.500.14352/12110</subfield>
   </datafield>
   <datafield ind1="8" ind2=" " tag="024">
      <subfield code="a">https://www.sciencedirect.com/science/article/pii/S0168160517305573</subfield>
   </datafield>
   <datafield ind2="0" ind1="0" tag="245">
      <subfield code="a">Description of an orthologous cluster of ochratoxin A biosynthetic genes in Aspergillus and Penicillium species. A comparative analysis</subfield>
   </datafield>
</record></metadata></record></GetRecord></OAI-PMH>